現存12天守 - Statistics

General Stats
  • This quiz has been taken 8 times
  • The average score is 9 of 12
Answer Stats
番号 解答 備考 % Correct
2 松本城 国宝
100%
6 姫路城 世界遺産・特別史跡・国宝
100%
7 松江城 国宝
100%
1 弘前城
83%
4 犬山城 国宝
83%
5 彦根城 特別史跡・国宝
83%
10 松山城
83%
3 丸岡城
50%
8 備中松山城
50%
9 丸亀城
50%
11 宇和島城
50%
12 高知城
50%
No matching quizzes found
Score Distribution
Percent of People with Each Score
Percentile by Number Answered
Your Score History
You have not taken this quiz